000 00381nam a2200133Ia 4500
005 20260326235449.0
008 260326s9999||||xx |||||||||||||| ||und||
100 _aHayes, Richard W.
245 4 _aThe Yale Building project :
_b The first 40 years /
_cRichard W. Hayes
260 _bYale School of Architecture
300 _a272 p.
650 _aARQUITECTURA RESIDENCIAL
942 _cBK
999 _c7682
_d7682